Quy định mới về giấy chứng nhận quyến sử dụng đất
Quyển sách " Quy định mới về giấy chứng nhận quyến sử dụng đất " gồm những nội dung được trích luật đất đai năm 2003, nghị định về thi hành luật đất đai, quyết định của Bộ trưởng Bộ Tài nguyên môi trường ban hành Quy định về...
محفوظ في:
| التنسيق: | كتاب |
|---|---|
| اللغة: | Undetermined |
| منشور في: |
Hà Nội
Chính trị Quốc gia
2006
|
| الموضوعات: | |
| الوسوم: |
إضافة وسم
لا توجد وسوم, كن أول من يضع وسما على هذه التسجيلة!
|
| Thư viện lưu trữ: | Trung tâm Học liệu Trường Đại học Cần Thơ |
|---|
| LEADER | 01012nam a2200193Ia 4500 | ||
|---|---|---|---|
| 001 | CTU_120363 | ||
| 008 | 210402s9999 xx 000 0 und d | ||
| 020 | |c 23000 | ||
| 082 | |a 346.5970432 | ||
| 082 | |b Qu600 | ||
| 245 | 0 | |a Quy định mới về giấy chứng nhận quyến sử dụng đất | |
| 260 | |a Hà Nội | ||
| 260 | |b Chính trị Quốc gia | ||
| 260 | |c 2006 | ||
| 520 | |a Quyển sách " Quy định mới về giấy chứng nhận quyến sử dụng đất " gồm những nội dung được trích luật đất đai năm 2003, nghị định về thi hành luật đất đai, quyết định của Bộ trưởng Bộ Tài nguyên môi trường ban hành Quy định về giấy chứng nhậ quyền sử dụng đất | ||
| 650 | |a Land tenure,Land use | ||
| 650 | |x Law and legislation,Law and legislation | ||
| 904 | |i Năm | ||
| 980 | |a Trung tâm Học liệu Trường Đại học Cần Thơ | ||